Statistics for Пътешествие през столиците в Америка

Click here to take the quiz!

General Stats

  • This quiz has been taken 10 times
  • The average score is 15 of 34

Answer Stats

Capital City% Correct
Буенос Айрес
100%
Монтевидео
100%
Лима
90%
Кито
90%
Богота
90%
Асунсион
80%
Сукре
80%
Панама
80%
Гватемала
80%
Сан Салвадор
70%
Сан Хосе
60%
Тегусигалпа
60%
Белмопан
60%
Хавана
60%
Манагуа
60%
Насау
50%
Вашингтон
40%
Отава
40%
Порт о Пренс
30%
Санто Доминго
30%
Кингстън
30%
Джорджтаун
20%
Парамарибо
20%
Бразилия
20%
Мексико
20%
Каракас
10%
Бастер
0%
Сейнт Джонс
0%
Розо
0%
Кастрийс
0%
Кингстаун
0%
Сейнт Джорджис
0%
Порт ъф Спейн
0%
Бриджтаун
0%

Score Distribution

Percentile by Number Answered

Percent of People with Each Score

Your Score History

You have not taken this quiz